000 00798nam a22002057a 4500
999 _c19365
_d19365
003 AR-CdUCM
008 190312b ||||| |||| 00| 0 spa d
040 _aMUNICIPALIDAD PROVINCIAL DEL CUSCO
_cBIBLIOTECA MUNICIPAL DEL CUSCO
082 _a572.685 /
_bM23
_22ed.
100 _aMatos M. ,Ramíro
_916124
245 _aEl hombre y la cultura Andina :
_b(31 de Enero - 5 de Febrero 1977 ) actas y trabajos
260 _aLima :
_bRamíro Matos Mendieta ,
_c1977.
300 _a438 páginas ;
_c22 cm.
505 _aContenido : Ideologia y superestructura -- Capitalismo y Burguesia -- Historia Colonial -- Ecologia y Geografia -- Psiquiatria...
650 _aCultura Andina
_96959
650 _aMestizaje
_92739
650 _aInfigenismo
_916125
942 _2ddc
_cLIBROS
945 _apjha
_d2019-05-17